[Event "Novi Sad Serbian op"]
[Site "Novi Sad"]
[Date "2016.11.06"]
[Round "1"]
[White "Curkovic, Djoko"]
[Black "Megalios, Konstantinos"]
[Result "0-1"]
[WhiteElo "1852"]
[BlackElo "2268"]
[PlyCount "118"]
[EventDate "2016.11.06"]
[EventType "swiss"]
[EventRounds "9"]
[EventCountry "SRB"]
[SourceTitle "CBM 175 Extra"]
[Source "ChessBase"]
[SourceDate "2016.12.12"]
[SourceVersion "1"]
[SourceVersionDate "2016.12.12"]
[SourceQuality "1"]

1. d4 Nf6 2. Bf4 e6 3. Nf3 c5 4. e3 cxd4 5. exd4 b6 6. c3 Bb7 7. Bd3 Be7 8. Qe2 a6 9. Nbd2 d6 10. h3 Nbd7 11. 0-0 0-0 12. Rfe1 Re8 13. Ng5 Bf8 14. Nde4 Nxe4 15. Bxe4 Bxe4 16. Nxe4 Qc7 17. Qd2 Be7 18. Rac1 Nf6 19. Ng5 b5 20. Nf3 Qb7 21. Qd3 Rac8 22. Rc2 Qc6 23. Rce2 Qc4 24. Qb1 b4 25. cxb4 Qxb4 26. Rc2 Nd5 27. Bd2 Qb5 28. Rec1 Rxc2 29. Qxc2 Rb8 30. b3 Bf8 31. Qc4 h6 32. Rc2 Be7 33. h4 Kf8 34. Kf1 Ke8 35. g3 Nb6 36. Qxb5+ axb5 37. Ke2 Kd7 38. Kd3 Nd5 39. a3 Ra8 40. Ra2 Nb6 41. Bb4 f5 42. h5 Nd5 43. Bd2 Nf6 44. a4 bxa4 45. bxa4 Nxh5 46. a5 Nf6 47. Ne1 Nd5 48. Kc4 Bd8 49. Kb5 Rb8+ 50. Kc4 Kc6 51. Nd3 g5 52. f4 g4 53. Ra1 Ra8 54. Nb4+ Nxb4 55. Kxb4 Kd5 56. a6 Bb6 57. Bc3 h5 58. Rh1 Rxa6 59. Rxh5 Bxd4 0-1